Carnivoran Species - Statistics

General Stats
  • This quiz has been taken 556 times
  • The average score is 66 of 289
Answer Stats
Suborder Family Genus Species Common name % Correct
Feliformia Felidae Panthera leo Lion
95%
Feliformia Felidae Panthera tigris Tiger
94%
Feliformia Felidae Panthera pardus Leopard
93%
Caniformia Canidae Canis lupus Grey wolf
90%
Caniformia Ursidae Ursus arctos Brown bear
89%
Caniformia Ursidae Ursus maritimus Polar bear
89%
Feliformia Felidae Puma concolor Cougar
87%
Feliformia Felidae Panthera onca Jaguar
87%
Caniformia Canidae Vulpes vulpes Red fox
81%
Feliformia Felidae Panthera uncia Snow leopard
81%
Feliformia Felidae Caracal caracal Caracal
80%
Caniformia Ursidae Ailuropoda melanoleuca Giant panda
80%
Caniformia Ursidae Helarctos malayanus Sun bear
80%
Feliformia Felidae Leptailurus serval Serval
79%
Feliformia Felidae Acinonyx jubatus Cheetah
78%
Feliformia Felidae Felis catus Domestic cat
77%
Caniformia Ursidae Ursus americanus American black bear
75%
Feliformia Felidae Lynx rufus Bobcat
73%
Caniformia Ursidae Melursus ursinus Sloth bear
70%
Caniformia Canidae Vulpes lagopus Arctic fox
69%
Caniformia Ursidae Tremarctos ornatus Spectacled bear
68%
Caniformia Ursidae Ursus thibetanus Asian black bear
67%
Feliformia Felidae Leopardus pardalis Ocelot
66%
Feliformia Hyaenidae Crocuta crocuta Spotted hyena
66%
Feliformia Felidae Neofelis nebulosa Clouded leopard
63%
Caniformia Canidae Canis latrans Coyote
63%
Caniformia Odobenidae Odobenus rosmarus Walrus
62%
Caniformia Procyonidae Procyon lotor Common raccoon
60%
Caniformia Canidae Vulpes zerda Fennec fox
59%
Caniformia Mustelidae Mellivora capensis Honey badger
59%
Feliformia Felidae Lynx lynx Eurasian lynx
58%
Caniformia Ailuridae Ailurus fulgens Red panda
58%
Caniformia Mustelidae Gulo gulo Wolverine
58%
Caniformia Canidae Urocyon cinereoargenteus Grey fox
57%
Caniformia Mustelidae Meles meles European badger
56%
Feliformia Hyaenidae Hyaena hyaena Striped hyena
56%
Caniformia Mustelidae Enhydra lutris Sea otter
55%
Feliformia Felidae Herpailurus yagouaroundi Jaguarundi
54%
Caniformia Canidae Lycaon pictus African wild dog
53%
Feliformia Eupleridae Cryptoprocta ferox Fossa
53%
Caniformia Canidae Chrysocyon brachyurus Maned wolf
51%
Caniformia Mustelidae Taxidea taxus American badger
50%
Feliformia Felidae Lynx pardinus Iberian lynx
50%
Caniformia Phocidae Hydrurga leptonyx Leopard seal
50%
Feliformia Viverridae Arctictis binturong Binturong
49%
Feliformia Felidae Lynx canadensis Canada lynx
48%
Caniformia Mustelidae Pteronura brasiliensis Giant otter
48%
Feliformia Herpestidae Suricata suricatta Meerkat
48%
Feliformia Felidae Otocolobus manul Pallas's cat
48%
Feliformia Hyaenidae Parahyaena brunnea Brown hyena
46%
Caniformia Otariidae Zalophus californianus California sea lion
45%
Caniformia Canidae Cuon alpinus Dhole
45%
Feliformia Felidae Felis silvestris European wildcat
44%
Caniformia Phocidae Phoca vitulina Harbor seal
44%
Feliformia Felidae Felis margarita Sand cat
44%
Feliformia Hyaenidae Proteles cristata Aardwolf
43%
Feliformia Felidae Felis lybica African wildcat
42%
Caniformia Mustelidae Mustela erminea Stoat
42%
Feliformia Felidae Prionailurus Viverrinus Fishing cat
41%
Caniformia Canidae Canis aureus Golden jackal
40%
Feliformia Felidae Neofelis diardi Sunda clouded leopard
40%
Caniformia Phocidae Halichoerus grypus Grey seal
37%
Caniformia Phocidae Mirounga leonina Southern elephant seal
36%
Caniformia Mustelidae Lutra lutra Eurasian otter
34%
Caniformia Phocidae Mirounga angustirostris Northern elephant seal
34%
Caniformia Canidae Canis simensis Ethiopian wolf
33%
Caniformia Canidae Nyctereutes procyonoides Raccoon dog
33%
Caniformia Mephitidae Mephitis mephitis Striped skunk
33%
Caniformia Canidae Otocyon megalotis Bat-eared fox
31%
Caniformia Canidae Speothos venaticus Bush dog
31%
Feliformia Felidae Leopardus wiedii Margay
31%
Caniformia Canidae Canis mesomelas Black-backed jackal
30%
Caniformia Phocidae Pagophilus groenlandicus Harp seal
30%
Feliformia Felidae Felis chaus Jungle cat
30%
Feliformia Viverridae Civettictis civetta African civet
29%
Feliformia Felidae Prionailurus Bengalensis Leopard cat
29%
Caniformia Canidae Vulpes bengalensis Bengal fox
28%
Caniformia Mustelidae Mustela nigripes Black-footed ferret
28%
Caniformia Mustelidae Mustela nivalis Least weasel
28%
Feliformia Viverridae Genetta genetta Common genet
27%
Caniformia Mustelidae Mustela putorius European polecat
27%
Feliformia Felidae Leopardus geoffroyi Geoffroy's cat
27%
Feliformia Felidae Felis nigripes Black-footed cat
26%
Caniformia Mustelidae Amblonyx cinerea Oriental small-clawed otter
26%
Feliformia Felidae Caracal aurata African golden cat
25%
Feliformia Nandiniidae Nandinia binotata African palm civet
25%
Caniformia Mustelidae Neogale vison American mink
25%
Caniformia Phocidae Pusa sibirica Baikal seal
25%
Caniformia Phocidae Leptonychotes weddellii Weddell seal
25%
Caniformia Mustelidae Martes americana American marten
24%
Caniformia Procyonidae Bassariscus astutus Ringtail
24%
Caniformia Procyonidae Nasua narica White-nosed coati
24%
Caniformia Mustelidae Meles leucurus Asian badger
23%
Feliformia Felidae Catopuma temminckii Asian golden cat
23%
Caniformia Mustelidae Mustela lutreola European mink
23%
Caniformia Mustelidae Pekania pennanti Fisher
23%
Feliformia Felidae Leopardus colocola Pampas cat
23%
Feliformia Felidae Catopuma badia Bay cat
22%
Caniformia Canidae Vulpes corsac Corsac fox
22%
Caniformia Otariidae Zalophus wollebaeki Galápagos sea lion
22%
Caniformia Phocidae Neomonachus schauinslandi Hawaiian monk seal
22%
Caniformia Canidae Urocyon littoralis Island fox
22%
Caniformia Mustelidae Lontra canadensis North American river otter
22%
Caniformia Otariidae Neophoca cinerea Australian sea lion
21%
Caniformia Canidae Canis adustus Side-striped jackal
21%
Caniformia Otariidae Arctocephalus pusillus Brown fur seal
20%
Caniformia Phocidae Pusa caspica Caspian seal
20%
Caniformia Canidae Cerdocyon thous Crab-eating fox
20%
Caniformia Mustelidae Martes martes European pine marten
20%
Caniformia Phocidae Monachus monachus Mediterranean monk seal
20%
Feliformia Felidae Leopardus tigrinus Oncilla
20%
Caniformia Canidae Vulpes rueppellii Rüppell's fox
20%
Caniformia Otariidae Eumetopias jubatus Steller sea lion
20%
Caniformia Procyonidae Procyon cancrivorus Crab-eating raccoon
19%
Caniformia Canidae Lycalopex culpaeus Culpeo
19%
Feliformia Felidae Pardofelis marmorata Marbled cat
19%
Caniformia Phocidae Ommatophoca rossi Ross seal
19%
Feliformia Felidae Prionailurus Rubiginosus Rusty-spotted cat
19%
Feliformia Viverridae Paradoxurus hermaphroditus Asian palm civet
18%
Caniformia Procyonidae Potos flavus Kinkajou
18%
Caniformia Procyonidae Nasua nasua South American coati
18%
Caniformia Canidae Vulpes velox Swift fox
18%
Caniformia Procyonidae Procyon pygmaeus Cozumel raccoon
17%
Feliformia Felidae Prionailurus Planiceps Flat-headed cat
17%
Feliformia Felidae Leopardus guigna Kodkod
17%
Feliformia Felidae Leopardus jacobitus Andean mountain cat
16%
Caniformia Phocidae Lobodon carcinophagus Crabeater seal
16%
Feliformia Herpestidae Herpestes ichneumos Egyptian mongoose
16%
Caniformia Phocidae Cystophora cristata Hooded seal
16%
Caniformia Mustelidae Lontra felina Marine otter
16%
Caniformia Otariidae Phocarctos hookeri New Zealand sea lion
16%
Caniformia Phocidae Pusa hispida Ringed seal
16%
Caniformia Mustelidae Ictonyx striatus Striped polecat
16%
Caniformia Mustelidae Eira barbara Tayra
16%
Feliformia Herpestidae Cynictis penicillata Yellow mongoose
16%
Caniformia Otariidae Arctocephalus gazella Antarctic fur seal
15%
Feliformia Herpestidae Mungos mungo Banded mongoose
15%
Caniformia Canidae Lycalopex fulvipes Darwin's fox
15%
Caniformia Canidae Vulpes macrotis Kit fox
15%
Caniformia Canidae Atelocynus microtis Short-eared dog
15%
Caniformia Phocidae Phoca largha Spotted seal
15%
Feliformia Felidae Felis bieti Chinese mountain cat
14%
Caniformia Otariidae Arctocephalus galapagoensis Galápagos fur seal
14%
Caniformia Mustelidae Arctonyx collaris Hog badger
14%
Feliformia Eupleridae Fossa fossana Malagasy civet
14%
Caniformia Canidae Lycalopex gymnocercus Pampas fox
14%
Caniformia Mustelidae Martes zibellina Sable
14%
Caniformia Otariidae Otaria flavescens South American sea lion
14%
Caniformia Phocidae Erignathus barbatus Bearded seal
13%
Caniformia Mephitidae Spilogale putorius Eastern spotted skunk
13%
Caniformia Phocidae Histriophoca fasciata Ribbon seal
13%
Caniformia Mephitidae Spilogale gracilis Western spotted skunk
13%
Caniformia Mustelidae Martes foina Beech marten
12%
Caniformia Mustelidae Neogale frenata Long-tailed weasel
12%
Caniformia Otariidae Callorhinus ursinus Northern fur seal
12%
Caniformia Procyonidae Bassaricyon gabbii Northern olingo
12%
Feliformia Prionodontidae Prionodon pardicolor Spotted linsang
12%
Feliformia Felidae Prionailurus javanensis Sunda leopard cat
12%
Feliformia Viverridae Genetta angolensis Angolan genet
11%
Feliformia Prionodontidae Prionodon linsang Banded linsang
11%
Caniformia Mustelidae Meles anakuma Japanese badger
11%
Caniformia Mustelidae Vormela peregusna Marbled polecat
11%
Caniformia Otariidae Arctocephalus forsteri New Zealand fur seal
11%
Caniformia Canidae Vulpes pallida Pale fox
11%
Caniformia Canidae Lycalopex griseus South American grey fox
11%
Feliformia Felidae Leopardus guttulus Southern tigrina
11%
Feliformia Viverridae Genetta abyssinica Abyssinian genet
10%
Caniformia Canidae Canis anthus African golden wolf
10%
Caniformia Procyonidae Bassariscus sumichrasti Cacomistle
10%
Caniformia Canidae Vulpes chama Cape fox
10%
Feliformia Herpestidae Helogale parvula Common dwarf mongoose
10%
Feliformia Herpestidae Mungos gambianus Gambian mongoose
10%
Caniformia Mustelidae Lontra longicaudis Neotropical otter
10%
Caniformia Procyonidae Bassaricyon neblina Olinguito
10%
Feliformia Viverridae Chrotogale owstoni Owston's palm civet
10%
Feliformia Viverridae Viverricula indica Small Indian civet
10%
Caniformia Mustelidae Lutrogale perspicillata Smooth-coated otter
10%
Caniformia Canidae Vulpes ferrilata Tibetan sand fox
10%
Caniformia Mustelidae Aonyx capensis African clawless otter
9%
Feliformia Herpestidae Herpestes javanicus Javan mongoose
9%
Feliformia Viverridae Viverra zibetha Large Indian civet
9%
Caniformia Mustelidae Mustela sibirica Siberian weasel
9%
Caniformia Mephitidae Mydaus javanensis Sunda stink badger
9%
Feliformia Herpestidae Ichneumia albicauda White-tailed mongoose
9%
Caniformia Mustelidae Martes flavigula Yellow-throated marten
9%
Feliformia Viverridae Hemigalus derbyanus Banded palm civet
8%
Feliformia Herpestidae Crossarchus obscurus Common kusimanse
8%
Caniformia Mephitidae Mephitis macroura Hooded skunk
8%
Feliformia Herpestidae Herpestes edwardsii Indian grey mongoose
8%
Feliformia Viverridae Genetta johnstoni Johnston's genet
8%
Feliformia Herpestidae Atilax paludinosus Marsh mongoose
8%
Feliformia Viverridae Paguma larvata Masked palm civet
8%
Feliformia Viverridae Cynogale bennettii Otter civet
8%
Feliformia Eupleridae Galidia elegans Ring-tailed vontsira
8%
Feliformia Viverridae Genetta maculata Rusty-spotted genet
8%
Caniformia Canidae Lycalopex sechurae Sechuran fox
8%
Feliformia Viverridae Genetta servalina Servaline genet
8%
Feliformia Viverridae Genetta piscivora Aquatic genet
7%
Feliformia Herpestidae Galerella nigrata Black mongoose
7%
Feliformia Viverridae Genetta bourloni Bourlon's genet
7%
Feliformia Viverridae Genetta tigrina Cape genet
7%
Caniformia Mustelidae Melogale moschata Chinese ferret-badger
7%
Feliformia Viverridae Paradoxurus zeylonensis Golden palm civet
7%
Caniformia Canidae Lycalopex vetulus Hoary fox
7%
Feliformia Viverridae Diplogale hosei Hose's palm civet
7%
Feliformia Viverridae Viverra civettina Malabar large-spotted civet
7%
Feliformia Viverridae Viverra tangalunga Malayan civet
7%
Caniformia Otariidae Arctocephalus australis South American fur seal
7%
Caniformia Mephitidae Spilogale angustifrons Southern spotted skunk
7%
Caniformia Mustelidae Galictis vittata Greater grison
6%
Feliformia Herpestidae Bdeogale jacksoni Jackson's mongoose
6%
Feliformia Viverridae Viverra megaspila Large-spotted civet
6%
Caniformia Mustelidae Hydrictis maculicollis Spotted-necked otter
6%
Caniformia Mustelidae Mustela eversmannii Steppe polecat
6%
Caniformia Mustelidae Neogale africana Amazon weasel
5%
Caniformia Canidae Vulpes cana Blanford's fox
5%
Feliformia Viverridae Paradoxurus jerdoni Brown palm civet
5%
Feliformia Viverridae Poiana richardsonii Central African oyan
5%
Feliformia Herpestidae Herpestes urva Crab-eating mongoose
5%
Feliformia Viverridae Genetta cristata Crested servaline genet
5%
Feliformia Eupleridae Eupleres goudotii Eastern falanouc
5%
Caniformia Procyonidae Nasuella meridensis Eastern mountain coati
5%
Feliformia Viverridae Genetta victoriae Giant forest genet
5%
Caniformia Otariidae Arctocephalus townsendi Guadalupe fur seal
5%
Caniformia Mustelidae Lutra sumatrana Hairy-nosed otter
5%
Caniformia Mustelidae Martes melampus Japanese marten
5%
Caniformia Mustelidae Galictis cuja Lesser grison
5%
Feliformia Herpestidae Rhynchogale melleri Meller's mongoose
5%
Caniformia Mustelidae Mustela altaica Mountain weasel
5%
Feliformia Eupleridae Mungotictis decemlineata Narrow-striped mongoose
5%
Feliformia Viverridae Genetta pardina Pardine genet
5%
Caniformia Mustelidae Lyncodon patagonicus Patagonian weasel
5%
Caniformia Mephitidae Spilogale pygmaea Pygmy spotted skunk
5%
Caniformia Mustelidae Ictonyx libycus Saharan striped polecat
5%
Feliformia Herpestidae Paracynictis selousi Selous's mongoose
5%
Feliformia Herpestidae Herpestes brachyurus Short-tailed mongoose
5%
Feliformia Viverridae Arctogalidia trivirgata Small-toothed palm civet
5%
Caniformia Otariidae Arctocephalus tropicalis Subantarctic fur seal
5%
Caniformia Mustelidae Melogale cucphuongensis Vietnam ferret-badger
5%
Feliformia Eupleridae Eupleres major Western falanouc
5%
Caniformia Mustelidae Poecilogale albinucha African striped weasel
4%
Feliformia Herpestidae Crossarchus alexandri Alexander's kusimanse
4%
Caniformia Mephitidae Conepatus leuconotus American hog-nosed skunk
4%
Feliformia Herpestidae Crossarchus ansorgei Angolan kusimanse
4%
Feliformia Herpestidae Bdeogale nigripes Black-footed mongoose
4%
Caniformia Mustelidae Melogale everetti Bornean ferret-badger
4%
Feliformia Eupleridae Galidictis fasciata Broad-striped malagasy mongoose
4%
Feliformia Herpestidae Bdeogale crassicauda Bushy-tailed mongoose
4%
Feliformia Herpestidae Galerella pulverulenta Cape grey mongoose
4%
Feliformia Herpestidae Herpestes semitorquatus Collared mongoose
4%
Feliformia Eupleridae Salanoia durrelli Durrell's vontsira
4%
Feliformia Herpestidae Helogale hirtula Ethiopian dwarf mongoose
4%
Feliformia Eupleridae Galidictis grandidieri Grandidier's mongoose
4%
Caniformia Mephitidae Conepatus humboldtii Humboldt's hog-nosed skunk
4%
Feliformia Herpestidae Herpestes fuscus Indian brown mongoose
4%
Caniformia Mustelidae Mustela itatsi Japanese weasel
4%
Caniformia Mustelidae Melogale orientalis Javan ferret-badger
4%
Caniformia Otariidae Arctocephalus philippii Juan Fernández fur seal
4%
Feliformia Viverridae Genetta poensis King genet
4%
Feliformia Herpestidae Liberiictis kuhni Liberian mongoose
4%
Caniformia Mephitidae Conepatus chinga Molina's hog-nosed skunk
4%
Caniformia Mustelidae Martes gwatkinsii Nilgiri marten
4%
Caniformia Mephitidae Mydaus marchei Palawan stink badger
4%
Feliformia Viverridae Genetta schoutedeni Schouteden's genet
4%
Feliformia Herpestidae Galerella sanguinea Slender mongoose
4%
Caniformia Mustelidae Lontra provocax Southern river otter
4%
Feliformia Herpestidae Herpestes vitticollis Stripe-necked mongoose
4%
Feliformia Viverridae Poiana leightoni West African oyan
4%
Caniformia Procyonidae Nasuella olivacea Western mountain coati
4%
Feliformia Herpestidae Galerella flavescens Angolan slender mongoose
3%
Feliformia Eupleridae Salanoia concolor Brown-tailed mongoose
3%
Caniformia Mustelidae Melogale personata Burmese ferret-badger
3%
Caniformia Procyonidae Bassaricyon alleni Eastern lowland olingo
3%
Feliformia Herpestidae Crossarchus platycephalus Flat-headed kusimanse
3%
Feliformia Herpestidae Herpestes naso Long-nosed mongoose
3%
Feliformia Herpestidae Herpestes smithii Ruddy mongoose
3%
Feliformia Herpestidae Galerella ochracea Somalian slender mongoose
3%
Caniformia Mephitidae Conepatus semistriatus Striped hog-nosed skunk
3%
Feliformia Viverridae Macrogalidia musschenbroekii Sulawesi palm civet
3%
Caniformia Procyonidae Bassaricyon medius Western lowland olingo
3%
Caniformia Mustelidae Neogale felipei Colombian weasel
2%
Feliformia Viverridae Genetta thierryi Haussa genet
2%
Caniformia Mustelidae Mustela lutreolina Indonesian mountain weasel
2%
Caniformia Mustelidae Mustela nudipes Malayan Weasel
2%
Feliformia Herpestidae Dologale dybowskii Pousargues's mongoose
2%
Caniformia Mustelidae Mustela kathiah Yellow-bellied weasel
2%
Caniformia Mustelidae Mustela strigidorsa Back-striped weasel
1%
Caniformia Mustelidae Mustela subpalmata Egyptian weasel
1%
Feliformia Viverridae Genetta felina South African small-spotted genet
1%
No matching quizzes found
Score Distribution
Percent of People with Each Score
Percentile by Number Answered
Your Score History
You have not taken this quiz